Statystyki dla Wszyscy uczestnicy playoffs NBA sezonu 2022/23

Kliknij tutaj aby rozwiązać quiz!

Ogólne statystyki

  • Ten quiz został rozwiązany 98 razy
  • Średni wynik to 14 z 16

Statystyki odpowiedzi

L.p.Konferencja zachodnia% Poprawnych
7.Los Angeles Lakers
99%
6.Golden State Warriors
97%
1.Milwaukee Bucks
95%
1.Denver Nuggets
94%
8.Miami Heat
94%
2Boston Celtics
93%
6.Brooklyn Nets
85%
4.Phoenix Suns
85%
5.Los Angeles Clippers
83%
3.Philadelphia 76ers
83%
3.Sacramento Kings
80%
2.Memphis Grizzlies
77%
7.Atlanta Hawks
76%
8.Minnesota Timberwolves
76%
5.New York Knicks
74%
4.Cleveland Cavaliers
71%

Rozkład punktacji

Percentyl według liczby udzielonych odpowiedzi

Procent ludzi z każdym wynikiem

Twoja historia wyników

Nie rozwiązałeś tego quizu